BUILDING DE SIGN MANAGE MENT / (Record no. 587192)

000 -LEADER
fixed length control field 00347nam a22001337a 4500
020 ## - INTERNATIONAL STANDARD BOOK NUMBER
Qualifying information PB.
040 ## - CATALOGING SOURCE
Transcribing agency FIZZA ISHAQ
082 ## - DEWEY DECIMAL CLASSIFICATION NUMBER
Classification number 690.068
Author Mark CAL
100 ## - MAIN ENTRY--PERSONAL NAME
Personal name HUGHES, WILL GRAYS CALIN.
9 (RLIN) 85971
245 ## - TITLE STATEMENT
Title BUILDING DE SIGN MANAGE MENT /
Statement of responsibility, etc. CALIN GRAYS WILL HUGHES.
260 ## - PUBLICATION, DISTRIBUTION, ETC.
Place of publication, distribution, etc. NEW YORK :
Name of publisher, distributor, etc. CALIN,
Date of publication, distribution, etc. 2001.
300 ## - PHYSICAL DESCRIPTION
Extent 177 P. ;
942 ## - ADDED ENTRY ELEMENTS (KOHA)
Source of classification or shelving scheme
Koha item type Book
Holdings
Withdrawn status Lost status Source of classification or shelving scheme Damaged status Not for loan Permanent Location Current Location Date acquired Total Checkouts Full call number Date last seen Copy number Price effective from Koha item type
          NUST Baluchistan Campus (NBC) NUST Baluchistan Campus (NBC) 12/07/2021   690.068 CAL 12/07/2021 Q-2115 12/07/2021 Book
© 2023 Central Library, National University of Sciences and Technology. All Rights Reserved.